00552nmm a2200145Ia 4500008004100000020001800041041000800059100002200067245013100089264005800220300001900278490003500297650002300332856005100355251105s9999||||xx |||||||||||||||||und|| a9788484891598 aspa aVitse, Marc (Ed.) 0aHomenaje a Henri Guerreiro :b La hagiografía entre historia y literatura en la España de la Edad Media y del Siglo de Oro a[Madrid, España] :bIberoamericana Vervuert, c2005 a1225 páginas aBiblioteca Áurea Hispánica aSpanish literature uhttps://public.digitaliapublishing.com/a/15395